Statistics for 10 Biggest Cities in Bolivia

Click here to take the quiz!

General Stats

  • This quiz has been taken 27 times
  • The average score is 5 of 10

Answer Stats

Population City % Correct
815 000La Paz
95%
1 365 000Santa Cruz
86%
225 000Sucre
82%
900 000Cochabamba
77%
140 000Potosi
55%
210 000Oruro
55%
160 000Tarija
36%
85 000Trinidad
18%
80 000Yacuiba
9%
90 000Montero
0%

Score Distribution

Percentile by Number Answered

Percent of People with Each Score

Your Score History

You have not taken this quiz